书目信息 |
| 题名: |
邓小平的非常之路
|
|
| 作者: | 路小可 著 ;李力安 主编 | |
| 分册: | ||
| 出版信息: | 北京 人民出版社 2001 |
|
| 页数: | 213页 | |
| 开本: | 20cm | |
| 丛书名: | ||
| 单 册: | ||
| 中图分类: | A762 | |
| 科图分类: | ||
| 主题词: | 马克思--生事迹 , 马克思--传记 , 恩格斯--生平事迹 , 恩格斯--传记 , 列宁--生平事迹 , 列宁--传记 , 毛泽东--生平事迹 , 毛泽东--传记 | |
| 电子资源: | ||
| ISBN: | 7-01-003396-X | |
| 000 | 01555nam0 2200445 450 | |
| 000 | 01518nam0 2200433 450 | |
| 000 | 01240nam0 2200325 450 | |
| 000 | 01238nam0 2200337 450 | |
| 000 | 01184nam0 2200313 450 | |
| 000 | 01202nam0 2200301 450 | |
| 000 | 01165nam0 2200289 45 | |
| 001 | 012001064903 | |
| 005 | 20061220161357.34 | |
| 010 | @a7-01-003396-X@dCNY13.00 | |
| 100 | @a20060829d2001 em y0chiy0110 ea | |
| 101 | 0 | @achi |
| 102 | @aCN@b110000 | |
| 105 | @aa a 000yb | |
| 200 | 1 | @a邓小平的非常之路@Adeng xiao ping de fei chang zhi lu@f路小可著@FLu Xiao Ke Zhu@g李力安主编 |
| 210 | @a北京@c人民出版社@d2001 | |
| 215 | @a213页@c照片@d20cm | |
| 314 | @a路小可(1954~),江苏省盐城市人,北京外国语大学副教授。著有《民国大老吴稚晖》等。 | |
| 320 | @a有书目(第211~213页) | |
| 330 | @a本书介绍了邓小平的生平,包括留学法国的磨难与奋起、苏区之行的悲欢离合与政治上第一次起落、“文化大革命”的狂风恶浪与政治上第二次起落、全面纠“左”的曲折反复与政治上第三次起落。 | |
| 600 | 0 | @a邓小平@f(1904~1997)@x生平事迹 |
| 606 | 0 | @a马克思@x生事迹 |
| 606 | 0 | @a马克思@x传记 |
| 606 | 0 | @a恩格斯@x生平事迹 |
| 606 | 0 | @a恩格斯@x传记 |
| 606 | 0 | @a列宁@x生平事迹 |
| 606 | 0 | @a列宁@x传记 |
| 606 | 0 | @a毛泽东@x生平事迹 |
| 606 | 0 | @a毛泽东@x传记 |
| 690 | @aA762@v3 | |
| 701 | 0 | @a路小可@Alu xiao ke@4著 |
| 702 | 0 | @a李力安@Ali li an@4主编 |
| 801 | 0 | @aCN@b中图数据@c20061220 |
| 905 | @a10447@dA762@e175 | |
| 邓小平的非常之路/路小可著/李力安主编.-北京:人民出版社,2001 |
| 213页:照片;20cm |
| ISBN 7-01-003396-X:CNY13.00 |
| 本书介绍了邓小平的生平,包括留学法国的磨难与奋起、苏区之行的悲欢离合与政治上第一次起落、“文化大革命”的狂风恶浪与政治上第二次起落、全面纠“左”的曲折反复与政治上第三次起落。 |
| ● |
| 相关链接 |
|
|
|
|
正题名:邓小平的非常之路
索取号:A762/175
 
预约/预借
| 序号 | 登录号 | 条形码 | 馆藏地/架位号 | 状态 | 备注 |
| 1 | 0619471 | 206194713 | 第一样本阅览室/ [索取号:A762/175] | 在馆 | |
| 2 | 0619472 | 206194722 | 第一借阅区/ [索取号:A762/175] | 在馆 | |
| 3 | 0619473 | 206194731 | 第一借阅区/ [索取号:A762/175] | 在馆 | |
| 4 | 0619474 | 206194740 | 第一借阅区/ [索取号:A762/175] | 在馆 | |
| 5 | 0619475 | 206194759 | 第一借阅区/ [索取号:A762/175] | 在馆 |